000 00752nam a2200229Ia 4500
005 20260430150801.0
008 008 250103s9999 xx 000 0 hin d
037 _aTheses
040 _aCRL
040 _bhin
040 _chin
041 _2hin
041 _ahin
084 _qCRL
100 _aपवार, ज्योति, ले.
_9868777
245 0 _aरीतिकाव्य में निरूपित नायिका - भेद का मनोवैज्ञानिक एवं समाजशास्त्रीय अध्ययन
260 _c2023
300 _a523पृ0
700 _aदिल्ली विश्वविद्यालय
_91238347
942 _cTH
999 _c1850755
_d1850755